000 00692nam a22002177a 4500
005 20240805163957.0
008 970904m19271929ii a 001 0aeng
010 _aENG-141233
020 _c210.00
035 _aEN-124765
037 _bDBAD
040 _aDPL
082 _a158.1
100 _aMohan Surinder Sharma
_969286
245 _aGood HABITS For Sucess and Happiness
_cSURINDER MOHAN SHARMA
_hEnglish
260 _aAmritsar
_bBuniyad
_c2024
270 _a14, Shashrti Nagar, Near Bhaba School, Street No.1,Majitha Road Gopal Nagar, Amritsar
_bAmritsar
_e143001
300 _a137p.
_c21cm.(Pb)
650 _aLeadership
_969287
942 _2ddc
_cEN
_mSHA
_h158.1
999 _c204854
_d204854